[Event "EU-Cup 24th"]
[Site "Kallithea"]
[Date "2008.10.22"]
[Round "6"]
[White "Krasenkow, Michal"]
[Black "Beliavsky, Alexander G"]
[Result "0-1"]
[WhiteElo "2624"]
[BlackElo "2619"]
[Annotator "Krasenkow,M"]
[PlyCount "84"]
[EventDate "2008.10.17"]
[EventType "team-swiss"]
[EventRounds "7"]
[EventCountry "GRE"]
[SourceTitle "CBM 127"]
[Source "ChessBase"]
[SourceDate "2008.11.13"]
[SourceVersion "1"]
[SourceVersionDate "2008.11.13"]
[SourceQuality "1"]
[WhiteTeam "Baden-Baden"]
[BlackTeam "Kiev Kievchess"]
[WhiteTeamCountry "GER"]
[BlackTeamCountry "UKR"]

1. d4 Nf6 2. c4 e6 3. Nf3 b6 4. a3 Bb7 5. Nc3 d5 6. Bg5 Be7 7. Bxf6 Bxf6 8.
cxd5 exd5 9. Qb3 O-O 10. Rd1 c5 $1 {The most principled and probably the best
reply to this system. White apparently tried to prevent ...c7-c5; Black proves
that these efforts are vain.} (10... Qd6) (10... Qd7) (10... Na6) (10... c6) ({
and the most popular} 10... Re8 {are the other options.}) 11. e3 (11. dxc5 d4
$1 12. cxb6 Na6 13. e3 (13. bxa7 Rxa7 {doesn't change much}) 13... Nc5 14. Qb4
(14. Qc4 dxc3 $1 15. Rxd8 Rfxd8 $36) (14. Qc2 Qxb6 $1 (14... dxc3 15. Rxd8
Rfxd8 16. Nd4 $5) 15. Nxd4 Rad8 $36) 14... Bxf3 15. gxf3 axb6 (15... dxc3 $5 {
is probably even stronger:} 16. Rxd8 Rfxd8 17. Bb5 (17. Qxc5 cxb2 18. Bd3 Rxd3
19. Ke2 axb6 20. Qxb6 Rdxa3 $19 {J.Prizant}) (17. b7 Nxb7 18. bxc3 Rac8 19. c4
Rc6 $1 $19 {[%cal Rc6b6]}) 17... cxb2 18. Ke2 axb6 $44) 16. exd4 (16. Bb5 Ne6 (
16... d3 $1 17. Ne4 Be5 $44) 17. Bc4 $1 $14 {Prizant,J (2492)-Kachar,V (2329)/
Moscow 2005/Inf 93/[Prizant,Ja] (19)}) 16... Re8+ 17. Be2 Ne6 18. Ne4 $1 Nxd4
$1 19. Kf1 Be5 $44 {Sokolin,L (2395)-Anastasian,A (2495)/Leningrad 1989/Inf 48
(20)}) (11. g3 $2 cxd4 12. Nxd4 Bxd4 13. Rxd4 Nc6) 11... c4 (11... Nc6 $5 12.
dxc5 Na5 13. Qc2 bxc5 14. Be2 Rc8 15. O-O Re8 16. Qa4 a6 17. Rd2 d4 18. exd4
Bc6 19. Qd1 Bxf3 20. Bxf3 Nc4 $13 {1-0 Soppe,G (2455)-Sunye Neto,J (2520)/
Buenos Aires 1998/CBM 067 ext (31)}) (11... cxd4 $5 12. Nxd4 Bxd4 13. Rxd4 Nc6
14. Rxd5 Qe7 $44) 12. Qc2 {[%cal Yg2g3,Yf1g2]} Nd7 $1 {[%cal Ya7a6,Yb6b5,Yd7b6]
Black finds the best arrangement of pieces.} (12... Nc6 $143 13. g3 Re8 14. Bg2
Na5 15. O-O Rc8 16. Qf5 g6 17. Qf4 Rc6 18. Ne5 Rce6 19. Ng4 Bg5 20. Nh6+ Bxh6
21. Qxh6 a6 22. Rfe1 f5 23. Bf3 Rd6 24. h4 Bc8 25. Ne2 $14 {1-0 Boensch,U 
(2475)-Sunye Neto,J (2480)/Cienfuegos 1986/MCL (42)}) 13. g3 a6 (13... b5 $6
14. Nxb5 Qa5+ 15. Nc3 Nc5 $6 16. Be2 Nd3+ 17. Bxd3 cxd3 18. Qa4 Qc7 19. O-O
Rfb8 20. Rd2 Qd6 21. Rc1 Bc8 22. Qe8+ Qf8 {1-0 Wang Yue (2585)-Bartel,M (2513)/
Istanbul 2005/CBM 109 ext}) 14. Bg2 b5 15. O-O (15. h4 $6 Re8 16. Ng5 Nf8 17.
Qf5 g6 18. Qf4 h6 19. Nxf7 $6 Kxf7 20. Qxh6 Qd6 21. O-O Rad8 22. Rfe1 Kg8 23.
h5 Bg7 $19 {0-1 Rivera,A (2370)-Rodriguez Vila,A (2435)/Havana 1994/EXT 1997 
(43)}) 15... Re8 {The black knight is ready to go to b6 to protect Black's
only weakness (d5) but at the moment it keeps protecting the e5 square.} (15...
Nb6 16. Ne5 $5 Re8 17. f4 g6 $5 $13) 16. b3 $2 {[%mdl 16384] Wrongly
evaluating the position. Alas, it was probably time to renounce any ambitions:}
(16. Ne5 Nxe5 (16... Nb6 17. f4 {-see 15...Nb6}) 17. dxe5 Bxe5 (17... Rxe5 18.
Rd2 {[%cal Yf1d1]}) 18. Bxd5 Qb6 19. Rd2 {and the control of the d-file must
enable White to equalize.}) 16... Rb8 $1 17. bxc4 dxc4 $1 $17 {[%csl Gb5,Gc4]
Black yields White a pawn centre but obtains many more factors in his favour:
the queenside advantage, supported by his bishop pair, and the weakness of
White's a3 pawn.} 18. e4 {Perhaps it was better to trade a pair of bishops:} (
18. Nd2) 18... Be7 $1 {[%csl Ra3]} 19. Ra1 (19. Qb2 {is equally ugly.}) 19...
Qb6 {[%cal Ra6a5,Rb5b4]} 20. e5 $4 {[%mdl 8192] A blunder in a poor position.}
(20. Rfd1 a5 $17) (20. Rfb1 Nf6 $1 {and the "strong" white centre becomes weak!
}) 20... Bxf3 21. Bxf3 Qxd4 22. Rad1 Nxe5 $1 {[%mdl 512] After this queen sac
Black's queenside pawns decide the game.} (22... Qa7 23. Qf5 Nc5 24. Bd5 Rf8
25. Rfe1 {gave White some counterplay.}) 23. Rxd4 Nxf3+ 24. Kg2 Nxd4 $19 25.
Qe4 Ne6 26. Qc6 Bxa3 27. Qxa6 b4 28. Nb1 (28. Nd5 c3 29. Nxc3 Ra8 30. Qd3 bxc3
31. Qxc3 {is hopeless enough.}) 28... Rec8 $1 29. Nxa3 Ra8 30. Qxc4 (30. Qb7
bxa3 31. Ra1 c3 32. Rxa3 Rab8 33. Qa7 c2 34. Ra1 Rb1 $19) 30... Rxc4 31. Nxc4
b3 {and Black confidently converts his extra pawn:} 32. Rb1 Rb8 33. Nd2 Nd4 34.
f4 h5 $1 {According to the principle of two weaknesses, Black should open a
second front on the kingside.} (34... b2 $2 {was premature due to} 35. Nc4 Rb4
36. Rxb2) 35. Kh3 (35. Kf2 b2 $1 36. Nc4 Rb4 $1 37. Ne3 (37. Nxb2 Nc2 {[%cal
Rc2a3]} 38. Kg1 $8 Rb3 $19 {[%cal Yc2b4,Yb4d3]}) 37... Ne6 $1 38. Nd1 Nc5 39.
Ke2 Na4 40. Kd2 Kh7 $1 41. Kc2 Kg6 $19) 35... b2 36. Rd1 Nf5 37. Nb1 Rb3 38.
Rd8+ Kh7 39. Rd7 f6 40. Kg2 h4 $1 41. g4 h3+ 42. Kg1 Nh4 0-1

[Event "Geneva FIDE GP"]
[Site "Geneva"]
[Date "2017.07.12"]
[Round "6"]
[White "Li, Chao B"]
[Black "Eljanov, Pavel"]
[Result "1-0"]
[WhiteElo "2735"]
[BlackElo "2739"]
[Annotator "Krasenkow,M"]
[PlyCount "69"]
[EventDate "2017.07.06"]
[EventType "swiss"]
[EventRounds "9"]
[EventCountry "SUI"]
[SourceTitle "CBM 180"]
[Source "ChessBase"]
[SourceDate "2017.09.13"]
[SourceVersion "1"]
[SourceVersionDate "2017.09.13"]
[SourceQuality "1"]

1. d4 Nf6 2. c4 e6 3. Nf3 b6 4. a3 Bb7 5. Nc3 d5 6. Qc2 {This order of moves
is mostly used to prevent} (6. cxd5 Nxd5 7. Qc2 Nxc3) 6... dxc4 {A principled
reply.} ({In the event of} 6... Nbd7 {White is ready to continue} 7. cxd5 Nxd5
8. Nxd5 ({or} 8. Bg5)) ({or} 6... Be7 7. cxd5 Nxd5 8. Nxd5 {etc.}) 7. e4 c5 8.
Bf4 $5 $146 {[%cal Rc3b5][%mdl 8] A surprising novelty at such an early stage.}
(8. d5 {has been played in dozens of games. A classic example:} exd5 9. exd5
Bd6 10. Bxc4 O-O 11. O-O h6 12. Re1 a6 13. a4 Nbd7 14. b3 Qc7 15. h3 Ne5 16.
Nh4 Rfe8 17. Bb2 Qd7 18. Re2 Rad8 $11 {1/2 (38) Lautier,J (2645)-Karpov,A 
(2775) Groningen 1995}) (8. dxc5 {is quite harmless. A recent correspondence
game:} Bxc5 9. Bxc4 Nbd7 10. O-O Qc7 11. Bd3 a6 12. Bg5 Ng4 13. Qe2 h6 14. Bh4
Bd6 15. Bg3 Bxg3 16. hxg3 Qc5 $11 {1/2 (23) Vodicka,M (1889)-Hatsek,W (1925)
Lechenicher SchachServer 2013}) 8... a6 $1 (8... cxd4 9. Nb5 Bxe4 (9... Bc5 10.
Nc7+ Ke7 11. Qxc4 $14) 10. Qxc4 Bxf3 11. Nc7+ Ke7 12. gxf3 Nd5 13. O-O-O $1
Nxc7 14. Bxc7 {leads to a complicated position, in which White's development
advantage and Black's "centralised" king are more important than Black's extra
pawn.}) 9. Bxc4 b5 10. Bb3 cxd4 11. Rd1 Qb6 $6 (11... Nc6 $142 $1 12. O-O Rc8 {
, and White must prove his compensation for the pawn.}) 12. Nxd4 Bc5 13. Nf3
Nbd7 $6 (13... Nc6 $142 14. e5 (14. O-O Nd4 $5) 14... Nh5 15. Bg5 Nd4 (15... h6
$143 16. Ne4 $1) 16. Nxd4 Bxd4 17. Qd2 h6 $1 18. Be3 Bxe3 19. fxe3 O-O $13) 14.
O-O Rc8 {And now it is not easy for Black to complete his development.} (14...
O-O $6 {runs into} 15. e5 $1 Bxf3 16. gxf3 Nh5 17. Rxd7 Nxf4 18. Ne4 Rac8 19.
Ng5 Ng6 (19... g6 20. Qd2 $16) 20. Rxf7 $1 Rxf7 21. Bxe6 Rcc7 22. Rd1 $16) 15.
Qe2 Qc6 $2 (15... O-O {is relatively better but Black is in trouble anyway:}
16. e5 Nh5 17. Be3 {[%cal Rd1d7,Rg2g4,Yd1d6,Yf3g5]} Qc6 18. Bc2 $1 $16) 16. Bd5
$1 {Black probably saw this move but underestimated its consequences.} Qb6 17.
Bxb7 Qxb7 18. e5 Ng4 {[%csl Rg4] This knight will become Black's headache but
he had little choice:} (18... Nh5 19. Bc1 {[%cal Rg2g4,Yc3e4]}) 19. Ne4 Be7 20.
Nd6+ Bxd6 21. Rxd6 Nc5 22. Nd2 (22. h3 Nh6 23. Bxh6 gxh6 24. Rfd1 {was good
enough, too. However, Black can't parry the h2-h3 threat anyway.}) 22... h5 23.
b4 Na4 24. Ne4 O-O 25. h3 Rc4 26. Re1 $18 f5 27. exf6 Nxf6 28. Nxf6+ Rxf6 29.
Rd8+ Rf8 30. Qxe6+ Qf7 31. Rxf8+ Kxf8 32. Qd6+ Kg8 33. g3 Nc3 34. Re7 Qf5 35.
Be5 1-0

[Event "Malmo"]
[Site "Malmo"]
[Date "1994.??.??"]
[Round "1"]
[White "Krasenkow, Michal"]
[Black "Brynell, Stellan"]
[Result "1-0"]
[WhiteElo "2565"]
[BlackElo "2485"]
[Annotator "Krasenkow,M"]
[PlyCount "59"]
[EventDate "1994.06.??"]
[EventType "tourn"]
[EventRounds "9"]
[EventCountry "SWE"]
[EventCategory "12"]
[SourceTitle "CBM 042"]
[Source "ChessBase"]
[SourceDate "1994.10.01"]
[SourceVersion "1"]
[SourceVersionDate "1994.10.01"]
[SourceQuality "1"]

1. d4 e6 2. c4 Nf6 3. Nf3 b6 4. a3 c5 5. d5 Ba6 6. Qc2 exd5 7. cxd5 g6 8. Bf4
d6 9. Nbd2 $5 Bg7 10. e4 Bxf1 11. Kxf1 O-O 12. Nc4 (12. g3 $6 Nh5 $1 13. Bg5
Qd7 14. h3 Na6 15. g4 Nf6 16. Rd1 b5 17. b3 Nc7 (17... Rfe8 $142) 18. Bxf6 Bxf6
19. e5 Bxe5 20. Nxe5 dxe5 21. Ne4 Ne8 $13 {Krasenkov,M-Psakhis,L/Metz op/1994/}
) 12... Ne8 (12... b5 $5 13. Nxd6 Nh5 14. Nb7 $13) 13. Qb3 Qe7 14. Re1 Nd7 15.
h4 {|^>>} Ne5 (15... h5 16. e5 $5) 16. Bxe5 $1 Bxe5 $1 (16... dxe5 17. h5 $16)
17. h5 (17. Nfxe5 dxe5 18. h5 g5 $10) 17... Bg7 (17... g5 18. Ne3 $16 {><f5})
18. e5 Rd8 (18... dxe5 19. hxg6 e4 (19... hxg6 20. Nfxe5 {/\Qh3+-}) (19... fxg6
20. Ncxe5 Qd6 21. Nc6 $16 Nc7 $140 22. Ne7+ Kh8 23. Qd3 Rf6 24. Ng5 h6 25.
Nxg6+ Kg8 26. Ne7+ $18) 20. gxh7+ Kh8 $16) 19. hxg6 (19. e6 $5 Nc7 $14) 19...
fxg6 20. exd6 Qf6 (20... Qb7 $5 $13) 21. Re6 Qf5 22. Qd1 Bd4 $1 23. Re7 Ng7 $6
(23... Qxd5 $2 24. Ne3 Qa2 25. Nxd4 cxd4 26. Rexh7 $1 dxe3 27. Rh8+ Kf7 28.
R1h7+ Ng7 29. Qf3+ Ke6 30. Qxe3+ Kxd6 31. Rxf8 Rxf8 32. Qd2+ Kc6 33. Qc2+ Kb5
34. Rxg7 $18) (23... Nxd6 24. Nxd6 (24. Rhxh7 Nf7) 24... Rxd6 25. Rhxh7 Bf6 26.
Rxa7 Rxd5 $44) 24. Qd2 Nh5 $2 (24... Qxd5 $5 25. Nce5 (25. Qh6 $2 Qxc4+ 26. Kg1
Rxf3 $17) (25. Nxd4 Qxc4+ 26. Ne2 Rf7 $15) 25... Nf5 26. Rexh7 Ng3+ $1 27. fxg3
(27. Kg1 $2 Bxf2+ $1 28. Qxf2 Qd1+ 29. Qe1 Qxe1+ 30. Nxe1 Rf1+ $19) 27... Qxe5
28. Rh8+ (28. Qh6 Qf5 $1 (28... Qxd6 29. Rxa7 $16) 29. Rh8+ Kf7 30. Rxf8+ (30.
Rh7+ Ke6 $17) 30... Rxf8 31. Qf4 Ke6 $15) 28... Qxh8 29. Rxh8+ Bxh8 30. Qd5+
Rf7 $13) 25. Nxd4 cxd4 26. Kg1 (26. Rh4 $5) 26... Qxd5 $2 (26... d3 27. Rh3 $1
Qf4 (27... Qxd5 28. Qh6) 28. Rxd3 $1 $18) (26... Qf4 $16) 27. Qh6 Rf7 28. Ne5 (
28. Rxf7 Kxf7 (28... Qxf7 29. Rxh5) 29. Qxh7+ Ng7 30. Rh3 $18) 28... Rxe7 (
28... Nf4 29. f3 Ne2+ 30. Kf2 Ng3 {Hector,J} 31. Rxf7 $18) 29. dxe7 Rc8 30.
Rxh5 1-0

[Event "Pamplona-A 16th"]
[Site "Pamplona"]
[Date "2006.12.26"]
[Round "4"]
[White "Jakovenko, Dmitrij"]
[Black "Wojtaszek, Radoslaw"]
[Result "1-0"]
[WhiteElo "2671"]
[BlackElo "2630"]
[Annotator "Krasenkow,M"]
[PlyCount "97"]
[EventDate "2006.12.22"]
[EventType "tourn"]
[EventRounds "7"]
[EventCountry "ESP"]
[EventCategory "17"]
[SourceTitle "CBM 116"]
[Source "ChessBase"]
[SourceDate "2007.02.01"]
[SourceVersion "1"]
[SourceVersionDate "2007.02.01"]
[SourceQuality "1"]

1. c4 b6 2. Nc3 Bb7 3. Nf3 Nf6 4. d4 e6 5. a3 d5 6. cxd5 Nxd5 7. Qc2 Nxc3 8.
bxc3 Be7 9. e4 O-O 10. Bd3 c5 11. O-O Qc7 12. Qe2 Nd7 13. Bb2 (13. e5 {[%cal
Yh2h4,Yh4h5,Yh5h6] is the other plan in this position.}) 13... Rac8 14. Nd2 {
[%cal Yf2f4]} Nf6 ({Black can prevent f2-f4 by means of} 14... Bg5 15. a4 Rfd8
16. Rfd1 Nf8 17. a5 Ng6 18. axb6 axb6 19. g3 Bf6 {1/2-1/2 Ruck,R-Almasi,Z/
Szekesfehervar 2006/CBM 112} 20. e5 Be7 21. h4 $5) (14... Rfd8 15. f4 $5 {
needs practical tests} (15. Rfd1 {is harmless:} Nf6 16. a4 cxd4 17. cxd4 Bb4
18. Nf3 Qe7 19. h3 h6 20. Qe3 a5 21. Rdc1 Ne8 22. Ne5 Nf6 23. Nf3 Ne8 24. Ne5
Nf6 25. Nc4 Rc6 26. Qg3 Nh5 27. Qe3 Nf6 28. Rc2 Rdc8 29. Rac1 Qd8 30. Qe2 Bf8
$11 {1/2-1/2 Kasparov,G-Kramnik,V/Linares 2004/CBM 100 (43)})) 15. f4 b5 (15...
cxd4 16. cxd4 g6 17. g4 Nd7 18. Rac1 Qb8 19. Rxc8 Bxc8 20. e5 Bb7 21. f5 gxf5
22. gxf5 Kh8 23. Be4 Rg8+ 24. Kh1 Qa8 25. f6 Bf8 26. Qf3 Bxe4 27. Qxe4 $36 {
0-1 Ponomariov,R-Karjakin,S/Tomsk 2006/CBM 113 ext (43)}) 16. Kh1 $146 {
White slowly prepares his kingside attack.} (16. Rf3 g6 17. Kh1 $6 (17. Raf1 {
I.Sokolov}) 17... Nh5 $1 18. Raf1 c4 $1 19. Bc2 f5 $1 20. Bc1 Nf6 21. Re3 Rce8
22. h3 Qd7 $15 {1/2-1/2 Sokolov,I-Hracek,Z/Calvia (ol) 2004 (31)}) (16. e5 c4
$1 17. Bc2 Nd5 18. f5 f6 $1 $15 {I.Sokolov}) (16. g4 $5) (16. f5 $5) 16... g6 (
16... b4 $6 17. axb4 cxd4 18. cxd4 Bxb4 19. d5 $1) 17. Rae1 c4 18. Bc2 a5 19.
Rf3 Nh5 {Hracek's plan; however, GM D.Jakovenko reacts more appropriately.} 20.
Qe3 b4 21. g4 Nf6 22. Rg1 bxa3 23. Ba1 {Black is practically a piece down but
his attack is quite strong.} Rfe8 $6 {Starting a series of passive moves.
Meanwhile, to make use of his extra piece, Black should try to intercept the
initiative on the kingside.} (23... Kh8 $1 {[%cal Yf8g8]} 24. h4 Rg8 25. h5
$140 gxh5 $1) 24. h4 Bf8 25. h5 Bg7 26. Rf2 Kh8 27. hxg6 fxg6 28. Kh2 Rf8 29.
e5 Nd5 30. Qg3 Qe7 $6 {It was better to keep this square for the knight, in
case of g4-g5.} (30... Rb8 31. Ne4 Bc6 32. g5 h5 $5) 31. g5 {Which bishop is
worse now - a1 or g7?} Nb4 {Perhaps it was better to wait for Ne4-f6 and
sacrifice a piece there getting rid of the terrible bishop.} 32. cxb4 axb4 33.
Qh3 Kg8 34. Ne4 Bxe4 $8 35. Bxe4 c3 36. Kg2 Rc4 37. Qd3 Qc7 $2 (37... Rfc8 $142
$44 {keeping the queen free, with a trap:} 38. d5 Bxe5 $1) 38. d5 $1 Qc5 (38...
b3 39. dxe6 Rxe4 (39... b2 $2 40. e7) 40. Qxe4 b2 41. Rc2 $16) 39. dxe6 Rd4 40.
Qe3 Qc4 41. Re1 Re8 42. Bc2 {[%cal Yc2b3,Yf4f5]} Rd2 $2 {This leads to a quick
loss but Black had serious problems anyway:} (42... Bf8 43. Bb3 (43. Rb1 Bc5)
43... Qxb3 44. Qxd4 Qxe6 45. Kg3 Rc8 46. Rc2 Be7 47. Bxc3 {A usual technique -
White gives up part of his extra material to put out Black's initiative.} bxc3
48. Rxc3 $16) 43. Rxd2 cxd2 44. Qxd2 b3 45. Be4 b2 46. Bxb2 axb2 47. Qd7 Rxe6 (
47... Qc8 48. f5 $1 gxf5 49. Qf7+ Kh8 50. Qxf5 $18) 48. Bd5 Qc2+ 49. Kg1 1-0

[Event "Palma de Mallorca FIDE GP"]
[Site "Palma de Mallorca"]
[Date "2017.11.16"]
[Round "1"]
[White "Giri, Anish"]
[Black "Rapport, Richard"]
[Result "1-0"]
[WhiteElo "2762"]
[BlackElo "2692"]
[Annotator "Krasenkow,M"]
[PlyCount "123"]
[EventDate "2017.11.16"]
[EventType "swiss"]
[EventRounds "9"]
[EventCountry "ESP"]
[SourceTitle "CBM 182"]
[Source "ChessBase"]
[SourceDate "2018.01.17"]
[SourceVersion "1"]
[SourceVersionDate "2018.01.17"]
[SourceQuality "1"]

1. d4 e6 2. c4 b6 3. a3 Bb7 4. Nf3 Nf6 5. Bf4 {A rare continuation, to which
Black replies with a new plan.} Nc6 (5... Be7 {or}) (5... d5 {are usually
played. The latter line can lead to a theoretical position from the classical
Queen's Gambit with 5.Bf4:} 6. e3 Be7 7. Nc3 O-O) 6. Nc3 Ne7 $5 7. h3 Nf5 8. d5
{Standard but unsuccessful here.} (8. Qd3 $5 {[%cal Ye2e4]} Bd6 9. Bd2 Bxf3 10.
gxf3 c5 $5) 8... Bd6 9. Qd2 exd5 10. cxd5 O-O 11. O-O-O Re8 $11 {Black has
comfortably developed his pieces.} 12. e3 {A risky continuation. White's
doubled pawns can be a serious defect in the future.} Bxf4 13. exf4 Ne7 14. Bc4
b5 $1 15. Bb3 a5 16. Nxb5 a4 17. Bc2 Nexd5 18. Rhe1 d6 19. Nfd4 Rxe1 (19... g6
$5 20. f5 Qd7) 20. Rxe1 Nb6 21. Nf5 Qd7 22. Nc3 Re8 23. g4 Rxe1+ 24. Qxe1 g6
25. Ng3 (25. g5 $5 $13) 25... Nfd5 26. f5 Nxc3 27. Qxc3 Qd8 28. Kb1 Bg2 29. f4
d5 $6 {[%mdl 16384] The advance of the d-pawn doesn't bring Black any profit.}
(29... Qh4 $132 30. g5 (30. f6 Nd5) (30. fxg6 hxg6 31. f5 Qxh3 32. fxg6 fxg6
33. Qe3 Qxg4 34. Qe8+ $11) 30... Nd5 31. Qe1 Qxf4 32. Qe8+ Kg7 33. f6+ Nxf6 34.
gxf6+ Qxf6 35. Qe3 Bc6 $13) 30. fxg6 hxg6 31. f5 d4 $2 {[%mdl 8192] A losing
blunder.} (31... Qd6 32. fxg6 fxg6 33. h4 $36) 32. Qd2 {[%cal Rd2g2,Rf5g6]} d3
33. Qxg2 Qd4 $6 (33... dxc2+ 34. Qxc2 {, and White must gradually convert his
extra pawn. But anyway, that was better than giving up a piece.}) 34. Bd1 Nc4
35. fxg6 fxg6 36. Qb7 $1 Nd2+ 37. Ka2 Qc4+ 38. b3 Qc1 39. Qd5+ (39. bxa4 {
was even more accurate:} Qxd1 40. Qc8+ Kg7 41. Qxc7+ Kh6 42. Qf4+ Kh7 43. Qf7+
Kh6 44. Qf8+ Kh7 45. Qe7+ Kg8 46. Qd8+ Kg7 47. Qxd3 $18) 39... Kg7 40. Qd7+ Kf8
41. Qd8+ Kg7 42. Qd7+ Kf8 43. Qxd3 Qxd1 44. bxa4 c5 (44... Qe1 45. Ne2 $18) 45.
Ne4 $1 Nxe4 46. Qxd1 Nc3+ 47. Kb3 Nxd1 {[%mdl 4096] White's pawns easily
defeat Black's knight.} 48. a5 Ne3 49. a6 c4+ 50. Kc3 Nd5+ 51. Kxc4 Nc7 52. a7
g5 53. Kc5 Ke7 54. Kc6 Na8 55. Kd5 $1 Kf6 56. Kd6 Kf7 57. Ke5 Kg6 58. Ke6 Nb6
59. a4 Na8 60. a5 Kg7 61. Kf5 Kh6 62. Kf6 (62. Kf6 Nc7 63. Ke7 Kg6 64. Kd7 Na8
65. Kc8 $18) 1-0

[Event "EU-Cup 22nd"]
[Site "Fuegen"]
[Date "2006.10.11"]
[Round "4.6"]
[White "Dreev, Alexey"]
[Black "Greenfeld, Alon"]
[Result "1-0"]
[WhiteElo "2655"]
[BlackElo "2567"]
[Annotator "Krasenkow,M"]
[PlyCount "75"]
[EventDate "2006.10.08"]
[EventType "team-swiss"]
[EventRounds "7"]
[EventCountry "AUT"]
[SourceTitle "CBM 115"]
[Source "ChessBase"]
[SourceDate "2006.11.15"]
[SourceVersion "1"]
[SourceVersionDate "2006.11.15"]
[SourceQuality "1"]
[WhiteTeam "Ural Sverdlovskaya"]
[BlackTeam "Beer Sheva"]
[WhiteTeamCountry "RUS"]
[BlackTeamCountry "ISR"]

1. d4 Nf6 2. c4 e6 3. Nf3 b6 4. Nc3 Bb7 5. a3 d5 6. cxd5 Nxd5 7. Qc2 Nxc3 8.
bxc3 c5 9. e4 Nd7 10. Bd3 Qc7 11. Qa2 {A rare move, which appeared in practice
in 2003.} Be7 (11... Nf6 12. Bb5+ Bc6 13. Bf4 Qb7 14. Qe2 Bxb5 15. Qxb5+ Qd7
16. Qxd7+ Nxd7 17. O-O Be7 (17... Nf6) 18. d5 $14 {/=1-0 Banikas,
H-Mastrovasilis,A/Aspropyrgos 2003/CBM 097 ext (45)}) 12. O-O O-O 13. Bb2 $146
{A new plan.} (13. Be3 Rac8 14. Qe2 e5 15. d5 c4 {1-0 Luehrig,W-Titze,L/www.
desc-online.de 2004/Telechess CBM 113 (35)}) 13... Rac8 14. Rad1 Rfd8 15. Rfe1
Nf8 16. Bf1 Qf4 $6 {Starting a series of "aggressive" moves, which only help
White to consolidate his pieces.} (16... Ng6 17. g3 h5 18. h4 Bf6 $11) 17. d5
$1 exd5 18. exd5 Bf6 (18... Bd6 $142) 19. Bc1 Qa4 20. c4 Re8 21. Bb2 Qc2 22.
Rd2 Qf5 23. Rde2 Rxe2 24. Rxe2 Nd7 {Here is the result: White has a strong
protected passed pawn; the b7 bishop is killed; the e-file in White's hands.
He can start a standard minority attack.} 25. a4 $1 Kf8 26. Qb3 Rd8 27. Re3 Bc8
28. g3 Bxb2 ({Here is an illustration of danger Black faces:} 28... Re8 29.
Rxe8+ Kxe8 30. Qe3+ Kf8 31. Bd3 Qg4 32. h3 $1 Qxh3 (32... Qh5 33. g4 $1 Qxh3
34. Qf4 $1 $18 {[%csl Rh3]}) 33. Ng5 Bxg5 34. Qxg5 f6 35. Qf4 Qh5 36. Qc7 $18)
29. Qxb2 Nf6 $2 ({Now} 29... Re8 $1 $14 {was correct.}) 30. Ne5 {[%csl Ge5]}
Ng4 {This quickly loses but what to suggest instead? a4-a5 is coming.} 31. Nxg4
Qxg4 32. Qe5 Qd7 33. Bh3 $1 Qb7 (33... f6 34. Qe4) 34. Bxc8 (34. Qe4 $1 g6 35.
Qh4 {was winning at once.}) 34... Rxc8 (34... Qxc8 35. Qe7+ Kg8 36. Qxa7) 35.
Qd6+ Kg8 36. Re7 Qa6 (36... Qb8 37. Qxb8 Rxb8 38. Rxa7 $18) (36... Qa8 37. Qf4
Rf8 38. d6 $18) 37. Qd7 Rf8 38. Re8 (38. Re8 g6 39. d6 {and the pawn is
unstoppable.}) 1-0